| 000 | 01368nam a2200337Ia 4500 | ||
|---|---|---|---|
| 001 | ebr10146990 | ||
| 003 | CaPaEBR | ||
| 006 | m u | ||
| 007 | cr cn||||||||| | ||
| 008 | 880126s1988 oncacf sb 011 0 eng d | ||
| 010 | _z 88090089 | ||
| 015 | _aC88-90089-X | ||
| 020 | _z0773506624 : | ||
| 040 |
_aCaPaEBR _cCaPaEBR |
||
| 035 | _a(OCoLC)243586479 | ||
| 050 | 1 | 4 |
_aPN49 _b.L57 1988eb |
| 082 | 0 | 4 |
_a801/.3 _219 |
| 245 | 0 | 0 |
_aLiterature and ethics _h[electronic resource] : _bessays presented to A.E. Malloch / _cedited by Gary Wihl and David Williams. |
| 260 |
_aKingston [Ont.] : _bMcGill-Queen's University Press, _cc1988. |
||
| 300 |
_axv, 151 p., [12] p. of plates : _bill., ports. |
||
| 504 | _aIncludes bibliographical references and index. | ||
| 533 |
_aElectronic reproduction. _bPalo Alto, Calif. : _cebrary, _d2009. _nAvailable via World Wide Web. _nAccess may be limited to ebrary affiliated libraries. |
||
| 600 | 1 | 0 |
_aMalloch, A. E. _q(Archibald Edward), _d1926- |
| 650 | 0 | _aLiterature and morals. | |
| 655 | 7 |
_aElectronic books. _2local |
|
| 700 | 1 |
_aMalloch, A. E. _q(Archibald Edward), _d1926- |
|
| 700 | 1 |
_aWihl, Gary, _d1953- |
|
| 700 | 1 |
_aWilliams, David, _d1939- |
|
| 710 | 2 | _aebrary, Inc. | |
| 856 | 4 | 0 |
_uhttp://site.ebrary.com/lib/rucke/Doc?id=10146990 _zAn electronic book accessible through the World Wide Web; click to view |
| 999 |
_c88600 _d88600 |
||